[Event "AUT-chT2O 2122"]
[Site "Austria"]
[Date "2022.02.26"]
[Round "6.4"]
[White "Wiedermann, Franz"]
[Black "Wilke, Werner"]
[Result "0-1"]
[WhiteElo "2070"]
[BlackElo "2197"]
[PlyCount "120"]
[EventDate "2021.10.16"]
[EventType "team-tourn"]
[EventRounds "11"]
[EventCountry "AUT"]
[SourceTitle "EXT 2023"]
[Source "ChessBase"]
[SourceDate "2022.10.05"]
[SourceVersion "1"]
[SourceVersionDate "2022.10.05"]
[SourceQuality "1"]
[WhiteTeam "Wien Austria"]
[BlackTeam "Bad Voeslau"]
[WhiteTeamCountry "AUT"]
[BlackTeamCountry "AUT"]

1. d4 c5 2. d5 e5 3. e4 a6 4. c4 d6 5. Nc3 Be7 6. h3 Bg5 7. Nf3 Bxc1 8. Rxc1 Ne7 9. Bd3 0-0 10. 0-0 f5 11. exf5 Bxf5 12. g4 Bxd3 13. Qxd3 Ng6 14. Ne2 Nd7 15. Nd2 Nf4 16. Nxf4 Rxf4 17. Ne4 Qe7 18. f3 Nf8 19. Rc2 Ng6 20. Rcf2 Rf7 21. Rh2 Raf8 22. Qe3 Rf4 23. b3 Nh4 24. Rhf2 h6 25. Kh2 b5 26. Kg3 Ng6 27. Kh2 b4 28. Ng3 Qg5 29. Ne4 Qe7 30. Ng3 a5 31. Ne2 Qh4 32. Rg2 R4f7 33. Rg3 Nf4 34. Ng1 Qg5 35. Qe4 a4 36. Ne2 axb3 37. axb3 Ra7 38. Nxf4 Rxf4 39. Qe2 Rd4 40. Rg2 Qf4+ 41. Kg1 Ra3 42. Rb1 Qf6 43. Rf2 Qg6 44. Qf1 Qd3 45. Rfb2 Qc3 46. Qe2 Rd3 47. Kg2 Re3 48. Qf2 Qd4 49. Rd2 Qf4 50. Rdb2 e4 51. fxe4 Qxe4+ 52. Kh2 Rf3 53. Qg2 Qf4+ 54. Kh1 Rg3 55. Qf1 Qxf1+ 56. Rxf1 Rxh3+ 57. Kg2 Raxb3 58. Rxb3 Rxb3 59. Re1 Rc3 60. Re6 Rxc4 0-1

[Event "AUT-chT2O 1718"]
[Site "Austria"]
[Date "2018.04.07"]
[Round "10.2"]
[White "Lovrinovic, Christian"]
[Black "Wiedermann, Franz"]
[Result "0-1"]
[WhiteElo "2139"]
[BlackElo "2135"]
[PlyCount "76"]
[EventDate "2017.10.21"]
[EventType "team-tourn"]
[EventRounds "11"]
[EventCountry "AUT"]
[SourceTitle "EXT 2019"]
[Source "ChessBase"]
[SourceDate "2018.10.10"]
[SourceVersion "1"]
[SourceVersionDate "2018.10.10"]
[SourceQuality "1"]
[WhiteTeam "Pamhagen II"]
[BlackTeam "Austria"]
[WhiteTeamCountry "AUT"]
[BlackTeamCountry "AUT"]

1. d4 f5 2. Nf3 Nf6 3. g3 g6 4. Bg2 Bg7 5. 0-0 0-0 6. b3 d6 7. Bb2 Na6 8. c4 Qe8 9. Qc2 c5 10. e3 Rb8 11. Nbd2 b5 12. a3 bxc4 13. bxc4 Bd7 14. Bc3 cxd4 15. exd4 Bc6 16. Rfe1 Ne4 17. Nxe4 Bxe4 18. Qd2 Qc6 19. Nh4 Qxc4 20. Bxe4 fxe4 21. Rac1 d5 22. Ba1 Qb3 23. Qa5 Qb5 24. Qd2 Qa4 25. Qg5 Qd7 26. Kg2 Bf6 27. Qh6 Rb3 28. Nxg6 hxg6 29. Qxg6+ Bg7 30. Qxa6 Qf5 31. Qe2 Rxa3 32. Rc3 Rxa1 33. Rxa1 Bxd4 34. Rca3 Qxf2+ 35. Qxf2 Rxf2+ 36. Kh3 Bxa1 37. Rxa1 e3 38. Rxa7 Kf7 0-1

[Event "Feffernitz Raika op 16th"]
[Site "Feffernitz"]
[Date "2007.08.24"]
[Round "7"]
[White "Halvax, Georg"]
[Black "Wiedermann, Franz"]
[Result "1-0"]
[WhiteElo "2032"]
[BlackElo "2091"]
[PlyCount "67"]
[EventDate "2007.08.19"]
[EventType "swiss"]
[EventRounds "9"]
[EventCountry "AUT"]
[SourceTitle "EXT 2008"]
[Source "ChessBase"]
[SourceDate "2007.11.25"]
[SourceVersion "1"]
[SourceVersionDate "2007.11.25"]
[SourceQuality "1"]

1. e4 d5 2. exd5 Qxd5 3. Nc3 Qa5 4. d4 c6 5. Nf3 Nf6 6. Bc4 Bf5 7. Bd2 e6 8. Ne4 Qd8 9. Ng3 Bg6 10. h4 Ne4 11. h5 Nxg3 12. hxg6 Nxh1 13. gxf7+ Kd7 14. Qe2 Qf6 15. Bg5 Qf5 16. g4 Qa5+ 17. Bd2 Bb4 18. Qxe6+ Kc7 19. c3 Bd6 20. b4 Qa3 21. Ne5 b5 22. Bd3 a5 23. Qe8 Rf8 24. Kf1 Nxf2 25. Kxf2 Qb2 26. Rd1 axb4 27. Bxh7 Rxa2 28. Ng6 Nd7 29. Nxf8 Nxf8 30. Be4 Ra6 31. Bf5 bxc3 32. Qc8+ Kb6 33. Qd8+ Bc7 34. Qxf8 1-0

[Event "Feffernitz Raika op 16th"]
[Site "Feffernitz"]
[Date "2007.08.19"]
[Round "1"]
[White "Kueffner, Christian"]
[Black "Wiedermann, Franz"]
[Result "0-1"]
[WhiteElo "1680"]
[BlackElo "2091"]
[PlyCount "104"]
[EventDate "2007.08.19"]
[EventType "swiss"]
[EventRounds "9"]
[EventCountry "AUT"]
[SourceTitle "EXT 2008"]
[Source "ChessBase"]
[SourceDate "2007.11.25"]
[SourceVersion "1"]
[SourceVersionDate "2007.11.25"]
[SourceQuality "1"]

1. e4 Nf6 2. Nc3 d5 3. exd5 Nxd5 4. Nxd5 Qxd5 5. d4 Nc6 6. Be3 e5 7. dxe5 Qxe5 8. Qe2 Be6 9. c3 0-0-0 10. Nf3 Qf5 11. g3 Nb4 12. cxb4 Bxb4+ 13. Nd2 Bxd2+ 14. Bxd2 Rxd2 15. Qxd2 Qe4+ 16. Qe3 Qxh1 17. Qxa7 Qe4+ 18. Qe3 Qb4+ 19. Qc3 Qb6 20. Bg2 f6 21. a3 Rd8 22. Rc1 Rd4 23. Qe3 Qd6 24. b4 Kb8 25. Bf3 Rd3 26. Qe4 Qe5 27. Qxe5 fxe5 28. Be4 Rxa3 29. Bxh7 Bd5 30. Kd2 Rf3 31. Ke2 e4 32. Rc5 c6 33. b5 b6 34. Rxc6 Bxc6 35. bxc6 Rc3 36. Bxe4 b5 37. Kd2 b4 38. h4 Kc7 39. h5 Kd6 40. g4 Ke5 41. f3 Kf4 42. Kd1 b3 43. Kd2 Rc5 44. Kd1 b2 45. Kd2 Rxc6 46. Bxc6 b1Q 47. Be4 Qb4+ 48. Kd3 Qd6+ 49. Ke2 Qd4 50. Kf1 Qd2 51. Kg1 Kg3 52. Kf1 Qf2# 0-1

[Event "Latschach op 23rd"]
[Site "Latschach"]
[Date "2007.08.12"]
[Round "3"]
[White "Stock, Andreas"]
[Black "Wiedermann, Franz"]
[Result "1/2-1/2"]
[WhiteElo "2184"]
[BlackElo "2091"]
[PlyCount "108"]
[EventDate "2007.08.11"]
[EventType "swiss"]
[EventRounds "9"]
[EventCountry "AUT"]
[SourceTitle "CBM 120 Extra"]
[Source "ChessBase"]
[SourceDate "2007.11.01"]
[SourceVersion "1"]
[SourceVersionDate "2007.11.01"]
[SourceQuality "1"]

1. c4 f5 2. Nc3 Nf6 3. d4 g6 4. g3 Bg7 5. Bg2 0-0 6. Bg5 h6 7. Bxf6 Bxf6 8. f4 c5 9. dxc5 Bxc3+ 10. bxc3 Qa5 11. Qd4 Na6 12. Nf3 Nxc5 13. Ne5 Kh7 14. 0-0 d6 15. Nd3 Ne6 16. Qe3 Qxc3 17. Rac1 Qd4 18. Qxd4 Nxd4 19. Kf2 e6 20. Ke3 Nc6 21. Bxc6 bxc6 22. c5 Rd8 23. cxd6 Rxd6 24. Ne5 Bb7 25. Rb1 Ba6 26. Rfc1 Rc8 27. Rc5 Rd5 28. Rbc1 Bb5 29. R1c2 g5 30. Rxd5 exd5 31. Kd4 gxf4 32. gxf4 Rg8 33. Nxc6 Ba4 34. Rc3 Rg2 35. e3 Rxh2 36. Kxd5 Rxa2 37. Nd4 a6 38. Nxf5 Rc2 39. Ra3 Bb5 40. Nd4 Rd2 41. e4 Bf1 42. Rc3 h5 43. Rc7+ Kh6 44. Ke5 Rxd4 45. Kxd4 h4 46. Rc1 Bg2 47. Rc6+ Kh7 48. Rxa6 h3 49. Ra7+ Kh6 50. Ra6+ Kh7 51. f5 h2 52. Ra1 h1Q 53. Rxh1+ Bxh1 54. e5 Kg7 1/2-1/2

[Event "Liechtenstein op 25th"]
[Site "Triesen"]
[Date "2007.05.15"]
[Round "5"]
[White "Goris Schouwstra, Adry"]
[Black "Wiedermann, Franz"]
[Result "1-0"]
[WhiteElo "1882"]
[BlackElo "2119"]
[PlyCount "149"]
[EventDate "2007.05.11"]
[EventType "swiss"]
[EventRounds "9"]
[EventCountry "LIE"]
[SourceTitle "CBM 118 Extra"]
[Source "ChessBase"]
[SourceDate "2007.07.04"]
[SourceVersion "1"]
[SourceVersionDate "2007.07.04"]
[SourceQuality "1"]

1. d4 f5 2. c4 Nf6 3. Nc3 g6 4. g3 Bg7 5. Bg2 0-0 6. Nf3 d6 7. 0-0 Qe8 8. d5 Na6 9. Nd4 Bd7 10. e4 fxe4 11. Nxe4 Nxe4 12. Bxe4 Nc5 13. Bg2 a5 14. Be3 c6 15. dxc6 bxc6 16. Qd2 Ne6 17. Nxe6 Bxe6 18. Rac1 Qd7 19. b3 Bh3 20. Bh6 Bxh6 21. Qxh6 Bxg2 22. Kxg2 Rf5 23. Qe3 Raf8 24. f4 Rh5 25. Rf2 Rf7 26. Re1 e5 27. fxe5 Qh3+ 28. Kg1 Rxe5 29. Qd2 Rxf2 30. Qxf2 Qe6 31. Rxe5 Qxe5 32. Qd2 g5 33. g4 Kf7 34. Qf2+ Ke6 35. Qd2 Qc5+ 36. Kg2 h6 37. Qd3 d5 38. Qf5+ Ke7 39. Qh7+ Kd8 40. Qxh6 d4 41. Qf6+ Kd7 42. Qf7+ Qe7 43. Qf5+ Qe6 44. c5 Ke7 45. Qxg5+ Ke8 46. Qh5+ Ke7 47. Qh7+ Ke8 48. Qh8+ Ke7 49. Qg7+ Ke8 50. Qxd4 Qe2+ 51. Qf2 Qxg4+ 52. Kf1 Qh3+ 53. Ke2 Qh5+ 54. Kd3 Qg6+ 55. Kc3 Qe4 56. h4 Qe5+ 57. Kc2 Qe4+ 58. Kb2 a4 59. bxa4 Qb4+ 60. Kc1 Qc3+ 61. Kd1 Qa1+ 62. Ke2 Qxa2+ 63. Kf3 Qxa4 64. Qe3+ Kd7 65. Qd3+ Kc7 66. Qd6+ Kc8 67. Qe6+ Kc7 68. Qe7+ Kc8 69. Kg3 Qb3+ 70. Kg4 Qd1+ 71. Kf5 Qf3+ 72. Kg6 Qd3+ 73. Kh6 Qd2+ 74. Qg5 Qd4 75. Qg8+ 1-0

[Event "AUT-chT2O 0607"]
[Site "Austria"]
[Date "2006.10.06"]
[Round "1.3"]
[White "Wiedermann, Franz"]
[Black "Vyskocil, Neklan"]
[Result "0-1"]
[WhiteElo "2119"]
[BlackElo "2374"]
[PlyCount "68"]
[EventDate "2006.10.06"]
[EventType "team-tourn"]
[EventRounds "11"]
[EventCountry "AUT"]
[SourceTitle "EXT 2007"]
[Source "ChessBase"]
[SourceDate "2006.11.23"]
[SourceVersion "1"]
[SourceVersionDate "2006.11.23"]
[SourceQuality "1"]
[WhiteTeam "Stockerau"]
[BlackTeam "Zwettl"]
[WhiteTeamCountry "AUT"]
[BlackTeamCountry "AUT"]

1. d4 Nf6 2. Nf3 e6 3. c4 b6 4. Nc3 Bb7 5. a3 d5 6. cxd5 Nxd5 7. Bd2 Be7 8. Qc2 0-0 9. e4 Nxc3 10. Bxc3 Nd7 11. Rd1 Nf6 12. Bd3 h6 13. 0-0 Qc8 14. Rfe1 c5 15. d5 Ne8 16. Bc4 Nd6 17. Ba2 exd5 18. Bxd5 Bxd5 19. Rxd5 Re8 20. Be5 Qe6 21. Red1 Red8 22. Qd3 Ne8 23. Bg3 Nf6 24. Rxd8+ Rxd8 25. Qxd8+ Bxd8 26. Rxd8+ Kh7 27. e5 Nh5 28. Rd2 b5 29. Bh4 Qc4 30. h3 g5 31. g4 Nf4 32. Bg3 Nxh3+ 33. Kh2 Qxg4 34. e6 Nf4 0-1

[Event "Latschach op 22nd"]
[Site "Latschach"]
[Date "2006.08.18"]
[Round "8"]
[White "Wiedermann, Franz"]
[Black "Ivanov, Mikhail M"]
[Result "0-1"]
[WhiteElo "2092"]
[BlackElo "2425"]
[PlyCount "136"]
[EventDate "2006.08.12"]
[EventType "swiss"]
[EventRounds "9"]
[EventCountry "AUT"]
[SourceTitle "CBM 113 Extra"]
[Source "ChessBase"]
[SourceDate "2006.09.14"]
[SourceVersion "1"]
[SourceVersionDate "2006.09.14"]
[SourceQuality "1"]

1. d4 d5 2. c4 e6 3. Nf3 c6 4. Nbd2 Nf6 5. g3 Be7 6. Bg2 0-0 7. 0-0 b6 8. Qc2 Bb7 9. Rd1 Nbd7 10. e4 Rc8 11. e5 Ne8 12. cxd5 cxd5 13. Qd3 Nc7 14. h4 Ba6 15. Qe3 b5 16. a3 Nb6 17. b3 Bb7 18. Ne1 a5 19. Nd3 Na6 20. Bb2 Qd7 21. Rac1 Bc6 22. Nc5 Qa7 23. Bh3 Kh8 24. Bc3 b4 25. axb4 axb4 26. Ra1 Bxc5 27. dxc5 bxc3 28. cxb6 Qb7 29. Bf1 Nb4 30. Ra7 Qb8 31. Qc5 cxd2 32. Qxb4 Qxe5 33. Qxd2 Qd6 34. Qa5 d4 35. Bd3 Rb8 36. Rc1 Qd5 37. Qxd5 Bxd5 38. Bc4 Be4 39. Re1 Bd5 40. Ra6 Rfd8 41. f4 g6 42. Kf2 h5 43. Ra7 Bb7 44. Rc1 Rd6 45. Rd1 Kg7 46. Rd2 Kf6 47. Rd1 Be4 48. Ra6 Rb7 49. Rd2 Bf5 50. Ra7 Rbxb6 51. Rc7 Be4 52. Ra2 Rb7 53. Rc5 Bf5 54. Kf3 Rdd7 55. Rca5 Ke7 56. Ke2 f6 57. Kd2 Rb6 58. Ra1 Kd6 59. Re1 Rc7 60. Re2 Rc5 61. Ra8 e5 62. fxe5+ fxe5 63. Rd8+ Kc7 64. Rf8 e4 65. Rf7+ Kd8 66. Rf8+ Ke7 67. Rf7+ Ke8 68. Re1 e3+ 0-1

[Event "Latschach op 22nd"]
[Site "Latschach"]
[Date "2006.08.14"]
[Round "4"]
[White "Wiedermann, Franz"]
[Black "Groetz, Harald"]
[Result "1-0"]
[WhiteElo "2092"]
[BlackElo "2359"]
[PlyCount "63"]
[EventDate "2006.08.12"]
[EventType "swiss"]
[EventRounds "9"]
[EventCountry "AUT"]
[SourceTitle "CBM 113 Extra"]
[Source "ChessBase"]
[SourceDate "2006.09.14"]
[SourceVersion "1"]
[SourceVersionDate "2006.09.14"]
[SourceQuality "1"]

1. d4 Nf6 2. c4 c5 3. d5 b5 4. cxb5 a6 5. f3 e6 6. e4 Bb7 7. bxa6 Nxa6 8. dxe6 fxe6 9. Nc3 Be7 10. Nh3 0-0 11. e5 Nd5 12. Nxd5 Bxd5 13. Nf4 Bc6 14. Bc4 Bg5 15. Nd3 Bh4+ 16. Ke2 Nb4 17. Be3 Qb8 18. Nxb4 Qxb4 19. Qc2 Rf5 20. a3 Qb7 21. Qxf5 Qxb2+ 22. Bd2 Bb5 23. Qe4 Ra4 24. Rac1 Bg5 25. f4 Bh4 26. Qd3 Rxa3 27. Qc2 Qd4 28. Bxb5 Qf2+ 29. Kd1 Qxg2 30. Rf1 Rf3 31. Be1 Rxf1 32. Qxg2 1-0

[Event "AUT-chT2O 0506"]
[Site "Austria"]
[Date "2006.02.26"]
[Round "9.4"]
[White "Wiedermann, Franz"]
[Black "Rogetzer, Klaus"]
[Result "1/2-1/2"]
[WhiteElo "2098"]
[BlackElo "2141"]
[PlyCount "23"]
[EventDate "2005.11.19"]
[EventType "team"]
[EventRounds "11"]
[EventCountry "AUT"]
[SourceTitle "EXT 2006"]
[Source "ChessBase"]
[SourceDate "2005.11.24"]
[SourceVersion "1"]
[SourceVersionDate "2005.11.24"]
[SourceQuality "1"]
[WhiteTeam "Stockerau"]
[BlackTeam "Wien Austria"]
[WhiteTeamCountry "AUT"]
[BlackTeamCountry "AUT"]

1. d4 Nf6 2. c4 g6 3. Nc3 Bg7 4. e4 d6 5. Nf3 0-0 6. Be2 e5 7. 0-0 exd4 8. Nxd4 Re8 9. f3 Nc6 10. Nc2 Nh5 11. Nd5 f5 12. g4 1/2-1/2

[Event "AUT-chT2O 0506"]
[Site "Austria"]
[Date "2006.02.25"]
[Round "8.4"]
[White "Ragger, Anna Christina"]
[Black "Wiedermann, Franz"]
[Result "1/2-1/2"]
[WhiteElo "2095"]
[BlackElo "2098"]
[PlyCount "145"]
[EventDate "2005.11.19"]
[EventType "team"]
[EventRounds "11"]
[EventCountry "AUT"]
[SourceTitle "EXT 2006"]
[Source "ChessBase"]
[SourceDate "2005.11.24"]
[SourceVersion "1"]
[SourceVersionDate "2005.11.24"]
[SourceQuality "1"]
[WhiteTeam "Wiener Neustadt"]
[BlackTeam "Stockerau"]
[WhiteTeamCountry "AUT"]
[BlackTeamCountry "AUT"]

1. e4 d5 2. exd5 Qxd5 3. Nc3 Qa5 4. d4 Nf6 5. Bd2 c6 6. Bc4 Bf5 7. Nd5 Qd8 8. Nxf6+ gxf6 9. c3 Nd7 10. Ne2 Nb6 11. Bb3 Qd7 12. Ng3 Bd3 13. Qf3 Bc4 14. 0-0-0 Bxb3 15. axb3 Qd5 16. Qxd5 cxd5 17. Rhe1 h5 18. Bf4 Kd7 19. Kc2 h4 20. Nf1 e6 21. Ra1 a6 22. h3 Bd6 23. Bxd6 Kxd6 24. Ne3 Rac8 25. Rad1 f5 26. Kd3 Nd7 27. Rh1 Nf6 28. Ke2 Rhg8 29. Rdg1 Ne4 30. Nf1 Ke7 31. Nd2 b5 32. b4 Ra8 33. Nb3 f6 34. Kf3 e5 35. g3 hxg3 36. fxg3 Rac8 37. Nc5 a5 38. bxa5 Nxc5 39. dxc5 Rxc5 40. Ra1 Kd6 41. a6 Kc6 42. a7 Kb7 43. Ra5 Ka8 44. Rha1 Rg7 45. h4 Rb7 46. Ra6 b4 47. Rxf6 Rc8 48. Rxf5 bxc3 49. bxc3 Rb3 50. Kg2 Rbxc3 51. Rxe5 d4 52. Rb5 d3 53. Rb8+ Rxb8 54. axb8Q+ Kxb8 55. Ra4 Kc7 56. Rd4 Kc6 57. Kf2 Rc2+ 58. Ke1 Re2+ 59. Kd1 Re3 60. Rg4 Kd5 61. Kd2 Rf3 62. h5 Ke5 63. h6 Rf2+ 64. Kxd3 Rh2 65. Ke3 Kf5 66. Ra4 Rxh6 67. Kf3 Rb6 68. Ra5+ Kg6 69. Kg4 Rb4+ 70. Kh3 Rb6 71. g4 Rc6 72. Kh4 Rb6 73. Ra8 1/2-1/2

[Event "AUT-chT2O 0506"]
[Site "Austria"]
[Date "2005.11.20"]
[Round "4.6"]
[White "Glaser, Gerhard"]
[Black "Wiedermann, Franz"]
[Result "1/2-1/2"]
[WhiteElo "2029"]
[BlackElo "2090"]
[PlyCount "146"]
[EventDate "2005.11.19"]
[EventType "team"]
[EventRounds "11"]
[EventCountry "AUT"]
[SourceTitle "CBM 109 Extra"]
[Source "ChessBase"]
[SourceDate "2006.01.03"]
[SourceVersion "2"]
[SourceVersionDate "2006.01.03"]
[SourceQuality "1"]

1. e4 d5 2. exd5 Qxd5 3. Nc3 Qa5 4. Bc4 c6 5. d4 Nf6 6. Bf4 Bf5 7. Nge2 e6 8. 0-0 Be7 9. Ng3 Bg6 10. Qe2 0-0 11. Nce4 Nd5 12. Bd2 Qb6 13. c3 a5 14. f4 f5 15. Nf2 Bf7 16. Nd3 Nd7 17. Bxd5 cxd5 18. Nxf5 Bf6 19. Ng3 Bg6 20. b3 Rae8 21. Kh1 Bxd3 22. Qxd3 g6 23. Ne2 Bg7 24. Ng1 Nf6 25. Nf3 Ne4 26. Be3 Bh6 27. g3 Rc8 28. Rac1 Rc7 29. c4 Qa6 30. Ne5 Rfc8 31. c5 Qxd3 32. Nxd3 Rf8 33. Kg2 Ra8 34. a3 Bf8 35. Ra1 a4 36. b4 Nc3 37. Rfe1 Ra6 38. Bf2 Nb5 39. Ne5 Bg7 40. Nf3 Re7 41. Red1 Ra8 42. Rd3 Rc8 43. Ng1 Rf8 44. Ne2 g5 45. fxg5 e5 46. dxe5 Rxe5 47. Ra2 Rxg5 48. Bd4 Rgf5 49. Bxg7 Rf2+ 50. Kh3 Kxg7 51. Rxd5 R8f7 52. Rd3 Nc7 53. Nc3 Ne6 54. Rxf2 Rxf2 55. Rd7+ Kg6 56. Rd6 Kf7 57. Nxa4 h5 58. Nc3 Rf3 59. Nb5 Rf2 60. Nd4 Ng5+ 61. Kh4 Ne4 62. Kxh5 Rxh2+ 63. Kg4 Nxd6 64. cxd6 Rd2 65. Nb5 Ke6 66. Kf4 Rf2+ 67. Ke4 Rd2 68. g4 Rg2 69. Kf4 b6 70. Kg5 Rg1 71. Kf4 Rg2 72. Kf3 Rg1 73. Kf4 Rg2 1/2-1/2

[Event "AUT-chT2O 0405"]
[Site "Austria"]
[Date "2005.01.29"]
[Round "5.6"]
[White "Mayr, Thomas"]
[Black "Wiedermann, Franz"]
[Result "1/2-1/2"]
[WhiteElo "2118"]
[BlackElo "2083"]
[PlyCount "109"]
[EventDate "2004.10.09"]
[EventType "team-tourn"]
[EventRounds "11"]
[EventCountry "AUT"]
[SourceTitle "EXT 2005"]
[Source "ChessBase"]
[SourceDate "2004.11.15"]
[SourceVersion "1"]
[SourceVersionDate "2004.11.15"]
[SourceQuality "1"]
[WhiteTeam "Eichgraben/Pressbaum"]
[BlackTeam "Stockerau"]
[WhiteTeamCountry "AUT"]
[BlackTeamCountry "AUT"]

1. e4 d5 2. exd5 Qxd5 3. Nc3 Qa5 4. d4 c6 5. Nf3 Bf5 6. Bd2 Nd7 7. Bc4 Ngf6 8. 0-0 e6 9. d5 Qc5 10. dxe6 Qxc4 11. exd7+ Nxd7 12. Re1+ Be7 13. b3 Qa6 14. Nd4 Bg6 15. Bg5 Nf6 16. Bxf6 gxf6 17. Qf3 0-0-0 18. Nxc6 Qxc6 19. Qxc6+ bxc6 20. Rxe7 Rhe8 21. Rxe8 Rxe8 22. g3 Bxc2 23. Rc1 Bd3 24. f4 Kb7 25. Kf2 Kb6 26. Rd1 Bf5 27. Na4+ Kb5 28. Rc1 Bg4 29. Rc2 Re6 30. a3 a5 31. Rc5+ Ka6 32. Rc2 Rd6 33. Ke3 Re6+ 34. Kd4 Ka7 35. Rd2 h5 36. Nc5 Rd6+ 37. Kc3 Rxd2 38. Kxd2 Kb6 39. Na4+ Kc7 40. Kd3 Kd6 41. Kd4 Bd1 42. Nc5 Kc7 43. Kc3 Bf3 44. b4 axb4+ 45. Kxb4 Kd6 46. Kc4 Be2+ 47. Kd4 f5 48. a4 f6 49. a5 Kc7 50. Nd3 Bf1 51. Nc5 Be2 52. Ne6+ Kd6 53. Nc5 Kc7 54. Nd3 Bf1 55. Nc5 1/2-1/2

[Event "Stockerau op"]
[Site "Stockerau"]
[Date "2003.06.01"]
[Round "7"]
[White "Wiedermann, Franz"]
[Black "Schmid, Thomas"]
[Result "1-0"]
[WhiteElo "2130"]
[BlackElo "2175"]
[PlyCount "71"]
[EventDate "2003.05.30"]
[EventType "swiss"]
[EventRounds "7"]
[EventCountry "AUT"]
[SourceTitle "EXT 2005"]
[Source "ChessBase"]
[SourceDate "2004.11.15"]
[SourceVersion "1"]
[SourceVersionDate "2004.11.15"]
[SourceQuality "1"]

1. d4 Nf6 2. c4 g6 3. Nc3 Bg7 4. e4 d6 5. Be2 0-0 6. Nf3 e5 7. 0-0 Nc6 8. d5 Ne7 9. b4 a5 10. Ba3 axb4 11. Bxb4 Nd7 12. Nd2 f5 13. Nb3 Nf6 14. Bf3 b6 15. a4 Ba6 16. Qd3 Nd7 17. Nb5 Kh8 18. Qc2 Ng8 19. a5 Nc5 20. axb6 cxb6 21. Nxc5 dxc5 22. Bc3 Bxb5 23. cxb5 Qd6 24. Rxa8 Rxa8 25. exf5 gxf5 26. Qxf5 Rf8 27. Qe6 Qxe6 28. dxe6 Re8 29. Bd5 Ne7 30. Be4 Ng8 31. Rd1 Rxe6 32. Rd8 Bf6 33. Rb8 Rd6 34. Kf1 Kg7 35. Rb7+ Ne7 36. f4 1-0

[Event "Stockerau op"]
[Site "Stockerau"]
[Date "2003.05.28"]
[Round "3"]
[White "Groetz, Harald"]
[Black "Wiedermann, Franz"]
[Result "1/2-1/2"]
[WhiteElo "2322"]
[BlackElo "2130"]
[PlyCount "61"]
[EventDate "2003.05.30"]
[EventType "swiss"]
[EventRounds "7"]
[EventCountry "AUT"]
[SourceTitle "EXT 2005"]
[Source "ChessBase"]
[SourceDate "2004.11.15"]
[SourceVersion "1"]
[SourceVersionDate "2004.11.15"]
[SourceQuality "1"]

1. e4 d5 2. exd5 Qxd5 3. Nc3 Qa5 4. d4 Bf5 5. Nf3 c6 6. Bc4 Nf6 7. Bd2 Qb6 8. 0-0 e6 9. Re1 Nbd7 10. h3 h6 11. Qe2 0-0-0 12. a4 Bd6 13. a5 Qc7 14. Bb3 g5 15. Be3 Kb8 16. d5 Nxd5 17. Bxd5 exd5 18. Bxa7+ Kxa7 19. Nd4 Bh2+ 20. Kh1 Qe5 21. Nxf5 Qxe2 22. Rxe2 Be5 23. a6 bxa6 24. Ra3 Rhe8 25. Nxh6 Bxc3 26. Rxe8 Rxe8 27. Rxc3 Re1+ 28. Kh2 Ne5 29. Ng4 Nxg4+ 30. hxg4 Kb6 31. Kg3 1/2-1/2

[Event "Bad Woerishofen op 19th"]
[Site "Bad Woerishofen"]
[Date "2003.03.16"]
[Round "4"]
[White "Wiedermann, Franz"]
[Black "Pflug, Matthias"]
[Result "0-1"]
[WhiteElo "2130"]
[BlackElo "2241"]
[PlyCount "66"]
[EventDate "2003.03.13"]
[EventType "swiss"]
[EventRounds "9"]
[EventCountry "GER"]
[SourceTitle "CBM 093 Extra"]
[Source "ChessBase"]
[SourceDate "2003.05.09"]
[SourceVersion "1"]
[SourceVersionDate "2003.05.09"]
[SourceQuality "1"]

1. d4 f5 2. c4 Nf6 3. Nc3 d6 4. g3 g6 5. Bg2 Bg7 6. Nh3 0-0 7. Nf4 Na6 8. h4 e5 9. dxe5 dxe5 10. Nfd5 c6 11. Nxf6+ Qxf6 12. Qb3 Qf7 13. Nb1 Be6 14. Na3 Rac8 15. Qa4 f4 16. 0-0 g5 17. hxg5 Qh5 18. c5 Nxc5 19. Qxa7 fxg3 20. fxg3 Rxf1+ 21. Kxf1 Rf8+ 22. Kg1 Bh3 23. Qxc5 Bxg2 24. Kxg2 Qxe2+ 25. Kh3 Qf1+ 26. Kh4 Qh1+ 27. Kg4 Qf3+ 28. Kh4 Qh1+ 29. Kg4 h5+ 30. gxh6 Qf3+ 31. Kh3 Rf5 32. Qc4+ Kh7 33. Qh4 Bf6 0-1

[Event "Bad Woerishofen op 19th"]
[Site "Bad Woerishofen"]
[Date "2003.03.15"]
[Round "3"]
[White "Schmidt, Andreas"]
[Black "Wiedermann, Franz"]
[Result "1/2-1/2"]
[WhiteElo "2245"]
[BlackElo "2130"]
[PlyCount "75"]
[EventDate "2003.03.13"]
[EventType "swiss"]
[EventRounds "9"]
[EventCountry "GER"]
[SourceTitle "CBM 093 Extra"]
[Source "ChessBase"]
[SourceDate "2003.05.09"]
[SourceVersion "1"]
[SourceVersionDate "2003.05.09"]
[SourceQuality "1"]

1. e4 Nf6 2. e5 Nd5 3. c4 Nb6 4. c5 Nd5 5. Nc3 c6 6. Nxd5 cxd5 7. d4 b6 8. Qb3 bxc5 9. Qxd5 Nc6 10. e6 fxe6 11. Qxc5 Qb6 12. Nf3 e5 13. Qxb6 axb6 14. dxe5 Nb4 15. Nd4 e6 16. Bd2 Bc5 17. Bxb4 Bxb4+ 18. Ke2 0-0 19. a3 Ra5 20. f4 Rxf4 21. Ke3 Rf8 22. Bb5 Bc5 23. a4 Bb7 24. Rhf1 Bxg2 25. Rxf8+ Kxf8 26. Rb1 Bc6 27. b4 Bxd4+ 28. Kxd4 Ra8 29. Bxc6 dxc6 30. Ra1 Ke7 31. a5 Kd7 32. Rg1 c5+ 33. Kc4 cxb4 34. Rxg7+ Kc6 35. axb6 Kxb6 36. Re7 Rc8+ 37. Kxb4 Kc6 38. Rxe6+ 1/2-1/2

[Event "AUT-chT2O 0203"]
[Site "Austria"]
[Date "2003.02.15"]
[Round "8.4"]
[White "Wiedermann, Franz"]
[Black "Schwaninger, Wolfgang"]
[Result "0-1"]
[WhiteElo "2130"]
[BlackElo "2188"]
[PlyCount "102"]
[EventDate "2002.10.25"]
[EventType "team-tourn"]
[EventRounds "11"]
[EventCountry "AUT"]
[SourceTitle "EXT 2020"]
[Source "ChessBase"]
[SourceDate "2019.10.17"]
[SourceVersion "1"]
[SourceVersionDate "2019.10.17"]
[SourceQuality "1"]
[WhiteTeam "Stockerau"]
[BlackTeam "Tschaturanga"]
[WhiteTeamCountry "AUT"]
[BlackTeamCountry "AUT"]

1. d4 d5 2. c4 c6 3. Nf3 Nf6 4. Nc3 e6 5. g3 Bd6 6. Bg2 Nbd7 7. Bf4 Bxf4 8. gxf4 dxc4 9. a4 Nd5 10. Qd2 Qa5 11. 0-0 Nxc3 12. bxc3 Nf6 13. Ne5 Nd5 14. Nxc4 Qxc3 15. Bxd5 Qxd2 16. Bxc6+ bxc6 17. Nxd2 Ba6 18. Rfe1 Ke7 19. Rac1 Rhc8 20. Rc5 Rab8 21. Ra5 Rb6 22. Ne4 Rc7 23. Nc5 Bc4 24. Rc1 Bxe2 25. f5 Bf3 26. fxe6 fxe6 27. h3 Kd6 28. Nd3 Rb3 29. Ne5 Bd5 30. f3 Rb4 31. Re1 Bb3 32. Rb1 Rcb7 33. Ra6 Bxa4 34. Nc4+ Kd5 35. Ne3+ Kd6 36. Nc4+ Kc7 37. Rxb4 Rxb4 38. Na5 Bb5 39. Rxa7+ Kb6 40. Nxc6 Kxc6 41. Rxg7 Bd3 42. Rg4 Bf5 43. d5+ Kc5 44. Rxb4 Kxb4 45. dxe6 Bxe6 46. Kg2 Kc5 47. h4 Kd5 48. Kf2 Kd4 49. Ke2 Bc4+ 50. Kf2 Ke5 51. Ke3 Bd5 0-1